Postavenie angličtiny v kontexte jazykovej politiky Európskej únie dizertačná práca

Na minha lista:
Detalhes bibliográficos
Autor principal: Ivančová, Ladislava, 1980-
Autor Corporativo: Ekonomická univerzita v Bratislave. Fakulta medzinárodných vzťahov
Outros Autores: Seresová, Katarína, 1967-
Formato: Livro
Idioma:eslovaco
Publicado em: Bratislava 2016
Assuntos:
Tags: Adicionar Tag
Sem tags, seja o primeiro a adicionar uma tag!

MARC

LEADER 00000nbm a2200000 4500
001 0225648
005 20230302104439.5
041 0 |a slo 
044 |a SK 
245 1 0 |a Postavenie angličtiny v kontexte jazykovej politiky Európskej únie  |b dizertačná práca  |c Ladislava Ivančová ; školiteľ: Katarína Seresová 
264 1 |a Bratislava  |c 2016 
300 |a 158 s. 
610 2 0 |a jazykoveda 
610 2 0 |a jazyky cudzie 
610 2 0 |a vyučovanie 
610 2 0 |a Európska únia 
610 2 0 |a Slovensko 
610 2 0 |a univerzity 
610 2 0 |a Ekonomická univerzita v Bratislave 
100 1 |a Ivančová, Ladislava, 1980- 
700 1 |a Seresová, Katarína, 1967- 
710 2 |a Ekonomická univerzita v Bratislave. Fakulta medzinárodných vzťahov